Understanding abusive families: an ecological approach to theory and practice
| Autor Corporativo: | |
|---|---|
| Otros Autores: | ; ; |
| Tipo de documento: | Print Libro |
| Lenguaje: | Inglés |
| Publicado: |
San Francisco, Calif.
Jossey-Bass
1997
|
| En: | Año: 1997 |
| Edición: | 1. ed. |
| Acceso en línea: |
Autorenbiografie (Publisher) Tabla de Contenidos Verlagsangaben (Publisher) |
| Disponibilidad en Tübingen: | Disponible en Tübingen. UB: KB 19 A 6447 |
| Verificar disponibilidad: | HBZ Gateway |
| Servicio de pedido Subito: | Pedir ahora. |
| Palabras clave: |
MARC
| LEADER | 00000cam a2200000 c 4500 | ||
|---|---|---|---|
| 001 | 1621943100 | ||
| 003 | DE-627 | ||
| 005 | 20251225202403.0 | ||
| 007 | tu | ||
| 008 | 980416s1997 xxu||||| 00| ||eng c | ||
| 010 | |a 97020812 | ||
| 020 | |a 0787910058 |9 0-7879-1005-8 | ||
| 035 | |a (DE-627)1621943100 | ||
| 035 | |a (DE-576)065362292 | ||
| 035 | |a (DE-599)BSZ065362292 | ||
| 035 | |a (OCoLC)260083616 | ||
| 035 | |a (OCoLC)36900958 | ||
| 040 | |a DE-627 |b ger |c DE-627 |e rakwb | ||
| 041 | |a eng | ||
| 044 | |c XD-US | ||
| 050 | 0 | |a HV6626.52 | |
| 082 | 0 | |a 362.82920973 | |
| 082 | 0 | |a 362.82/92/0973 | |
| 245 | 0 | 0 | |a Understanding abusive families |b an ecological approach to theory and practice |c James Garbarino; John Eckenrode ... |
| 250 | |a 1. ed. | ||
| 264 | 1 | |a San Francisco, Calif. |b Jossey-Bass |c 1997 | |
| 300 | |a XI, 273 S. | ||
| 336 | |a Text |b txt |2 rdacontent | ||
| 337 | |a ohne Hilfsmittel zu benutzen |b n |2 rdamedia | ||
| 338 | |a Band |b nc |2 rdacarrier | ||
| 500 | |a This new version is a mostly new book written by mostly new authors - Originally published: Lexington : Lexington Books, c1980 - Includes bibliographical references and index | ||
| 583 | 1 | |a Archivierung prüfen |c 20200919 |f DE-640 |z 2 |2 pdager | |
| 650 | 0 | |a Child Abuse |x United States | |
| 650 | 0 | |a Abusive parents |x United States | |
| 650 | 0 | |a Child Abuse |z United States | |
| 650 | 0 | |a Abusive parents |z United States | |
| 655 | 7 | |a Aufsatzsammlung |0 (DE-588)4143413-4 |0 (DE-627)105605727 |0 (DE-576)209726091 |2 gnd-content | |
| 689 | 0 | 0 | |d g |0 (DE-588)4078704-7 |0 (DE-627)106076612 |0 (DE-576)209209682 |a USA |2 gnd |
| 689 | 0 | 1 | |d s |0 (DE-588)4030550-8 |0 (DE-627)104360100 |0 (DE-576)208988165 |a Kind |2 gnd |
| 689 | 0 | 2 | |d s |0 (DE-588)4126865-9 |0 (DE-627)105729094 |0 (DE-576)20958873X |a Sexueller Missbrauch |2 gnd |
| 689 | 0 | 3 | |d s |0 (DE-588)4016397-0 |0 (DE-627)104427175 |0 (DE-576)208915818 |a Familie |2 gnd |
| 689 | 0 | |5 (DE-627) | |
| 700 | 1 | |a Garbarino, James |d 1947- |0 (DE-588)170640361 |0 (DE-627)060756926 |0 (DE-576)164046968 |4 oth | |
| 700 | 1 | |a Eckenrode, John |4 oth | |
| 700 | 1 | |a Barry, Frank D. |4 oth | |
| 710 | 2 | |a New York State College of Human Ecology |b Family Life Development Center |4 oth | |
| 856 | 4 | 2 | |u http://www.loc.gov/catdir/bios/wiley043/97020812.html |v 2016-05-03 |x Verlag |3 Autorenbiografie |7 1 |
| 856 | 4 | 2 | |u http://www.loc.gov/catdir/description/wiley035/97020812.html |v 2016-05-03 |x Verlag |3 Verlagsangaben |7 1 |
| 856 | 4 | 2 | |u http://www.loc.gov/catdir/toc/onix07/97020812.html |v 2016-05-03 |x Verlag |y Table of Contents |7 1 |
| 889 | |w (DE-627)229851754 | ||
| 935 | |i mdedup | ||
| 951 | |a BO | ||
| ELC | |b 1 | ||
| LOK | |0 000 xxxxxcx a22 zn 4500 | ||
| LOK | |0 001 3243160731 | ||
| LOK | |0 003 DE-627 | ||
| LOK | |0 004 1621943100 | ||
| LOK | |0 005 20020413000000 | ||
| LOK | |0 008 980416||||||||||||||||ger||||||| | ||
| LOK | |0 040 |a DE-21 |c DE-627 |d DE-21 | ||
| LOK | |0 852 |a DE-21 | ||
| LOK | |0 852 1 |c KB 19 A 6447 |9 00 | ||
| LOK | |0 935 |a krim | ||
| LOK | |0 936ln |a k10.10.2 | ||
| LOK | |0 939 |a 16-04-98 |b l01 | ||
| ORI | |a SA-MARC-krimdoka001.raw | ||
| SIG | |a UB: KB 19 A 6447 | ||
